| 000 | 00414nam a22001697a 4500 | ||
|---|---|---|---|
| 003 | ASAB | ||
| 005 | 20180827062552.0 | ||
| 008 | 150806t xxu||||| |||| 00| 0 eng d | ||
| 020 | _a9780199226719 | ||
| 040 | _cASAB | ||
| 082 | _a574 | ||
| 100 |
_a William H. Elliot & Daphne C. Elliott _91014 |
||
| 245 | _aBiochemistry and Molecular biology | ||
| 250 | _aFourth edition | ||
| 300 | _a568 | ||
| 942 |
_2ddc _cBK |
||
| 999 |
_c479870 _d479870 |
||